| 000 | 02171cam a22004338c 4500 | ||
|---|---|---|---|
| 001 | 24036828 | ||
| 003 | OSt | ||
| 005 | 20260513103705.0 | ||
| 007 | t| | ||
| 008 | 250220s2025 enk b 001 0 eng | ||
| 010 | _a 2025002450 | ||
| 020 |
_a9781292739137 _qpaperback |
||
| 035 | _a24036828 | ||
| 035 | _a(DLC)24036828 | ||
| 040 |
_aDLC _beng _erda _cDLC _dDLC _dDLC-MRC _dMILA_ain |
||
| 042 | _apcc | ||
| 050 | 0 | 0 |
_aHF5636 _b.E47 2025 |
| 100 | 1 |
_aElliott, Jamie _eauthor _4aut _4http://id.loc.gov/vocabulary/relators/aut _0http://id.loc.gov/authorities/names/nr93038139 _1http://id.loc.gov/rwo/agents/nr93038139 |
|
| 245 | 1 | 0 |
_aFinancial accounting and reporting / _cJamie Elliott and Barry Elliott ; updated by Jo Watkins. |
| 250 | _aTwenty-first edition. | ||
| 263 | _a2504 | ||
| 264 | 1 |
_aHarlow, United Kingdom : _bPearson, _c2025. |
|
| 300 | _apages cm | ||
| 336 |
_atext _btxt _0http://id.loc.gov/vocabulary/contentTypes/txt |
||
| 337 |
_aunmediated _bn _0http://id.loc.gov/vocabulary/mediaTypes/n |
||
| 338 |
_avolume _bnc _0http://id.loc.gov/vocabulary/carriers/nc |
||
| 500 | _aPrevious edition: 2022. | ||
| 504 | _aIncludes bibliographical references and index. | ||
| 650 | 0 |
_aAccounting _0http://id.loc.gov/authorities/subjects/sh85000411 |
|
| 650 | 0 |
_aFinancial statements _0http://id.loc.gov/authorities/subjects/sh85048313 |
|
| 700 | 1 |
_aElliott, Barry _eauthor _4http://id.loc.gov/vocabulary/relators/aut _1http://id.loc.gov/rwo/agents/nr93038137 |
|
| 758 | _1http://id.loc.gov/resources/instances/24036828 | ||
| 758 |
_4http://id.loc.gov/ontologies/bibframe/instanceOf _1http://id.loc.gov/resources/works/24036828 |
||
| 776 | 0 | 8 |
_iOnline version _4http://id.loc.gov/entities/relationships/onlineversion _aElliott, Jamie _tFinancial accounting and reporting _bTwenty-first edition _dHarlow, United Kingdom : Pearson, 2025 _z9781292739144 _w(DLC) 2025002451 |
| 884 |
_aDLC bibframe2marc v2.9.0 _g20250220125532.0 _qDLC _uhttps://github.com/lcnetdev/bibframe2marc/releases/tag/v2.9.0 |
||
| 906 |
_a7 _bcbc _corignew _d1 _eecip _f20 _gy-gencatlg |
||
| 942 |
_2lcc _cBK |
||
| 999 |
_c2661 _d2661 |
||